00000000nam##2200000za#4500
0019.527977
003CaOODSP
00520200327070801
007ta
008150406|1997||||xxc|||||     f|0| 0 fre|d
020 |a0-660-60071-4
040 |aCaOODSP|bfre
041 |aeng
041 |afre
043 |an-cn---
0861 |aBT31-2/1998-III-13
1101 |aCanada. |bConseil du trésor.
24510|aRessources naturelles Canada
2461 |iTitre alternatif : |aUn rapport sur les plans et les priorités: document pilote
260 |aOttawa - Ontario : |bSecrétariat du Conseil du Trésor du Canada |c1997.
300 |aTexte français, 75p. : |bgraphiques, tableaux ; |c28 cm.
4901 |aBudget des dépenses 1997-1998, partie III: Plan de dépenses
500 |aN.B.: Un rapport sur les plans et les priorités: document pilote.
546 |aBilingue
563 |aCouverture souple
590 |a97-08|b1997-02-21
7760#|tNatural Resources Canada, 1997-98 estimates, a report on plans and priorities, pilot document |w(CaOODSP)9.567511
7760#|tRessources naturelles Canada, budget des dépenses 1997-1998, un rapport sur les plans et les priorités, document pilote |w(CaOODSP)9.598845
791 |tNatural Resources Canada |eeng|w(CaOODSP)9.527976
830#0|aBudget des dépenses 1997-1998, partie III: Plan de dépenses.|w(CaOODSP)9.508959